| 000 -LEADER |
| fixed length control field |
00694nam a2200229Ia 4500 |
| 001 - CONTROL NUMBER |
| control field |
1956 |
| 003 - CONTROL NUMBER IDENTIFIER |
| control field |
GE_BSU |
| 008 - FIXED-LENGTH DATA ELEMENTS--GENERAL INFORMATION |
| fixed length control field |
181216s||||||||xx |||||||||||||| ||und|| |
| 020 ## - INTERNATIONAL STANDARD BOOK NUMBER |
| International Standard Book Number |
5238009488 |
| 040 ## - CATALOGING SOURCE |
| Transcribing agency |
GE_BSU |
| 080 ## - UNIVERSAL DECIMAL CLASSIFICATION NUMBER |
| Universal Decimal Classification number |
34(1-87)(075.8)+321(1-87)(075.8) |
| 100 ## - MAIN ENTRY--PERSONAL NAME |
| Personal name |
Мухаев,Р.Т. |
| 245 ## - TITLE STATEMENT |
| Title |
История государства и права зарубежных стран |
| 245 ## - TITLE STATEMENT |
| Remainder of title |
Учубник для студ. вузов. |
| 260 ## - PUBLICATION, DISTRIBUTION, ETC. |
| Place of publication, distribution, etc. |
Москва |
| 260 ## - PUBLICATION, DISTRIBUTION, ETC. |
| Name of publisher, distributor, etc. |
Юнити |
| 260 ## - PUBLICATION, DISTRIBUTION, ETC. |
| Date of publication, distribution, etc. |
2005 |
| 300 ## - PHYSICAL DESCRIPTION |
| Extent |
863 стр. 21 см. |
| 653 ## - INDEX TERM--UNCONTROLLED |
| Uncontrolled term |
История государства и права зарубежных стран |
| 942 ## - ADDED ENTRY ELEMENTS (KOHA) |
| Koha item type |
წიგნი |